000 00882nam a2200277 a 4500
003 CO-ViMGA
005 20230915223220.0
008 111001s2010 ck gr 0001pdspa d
020 _a9789587106336
040 _aCO-ViMGA
_bspa
_cCO-ViMGA
040 _aCO-BoBLA
_bspa
_cCO-BoBLA
043 _as-ck---
082 0 4 _aCo861.6
_bO76e9
_219
100 1 _aOrozco Tovar, Armando,
_d1943-
_94710
240 1 0 _aChocó-Bibliografía regional
245 1 0 _aEn lo alto del instante /
_cArmando Orozco Tovar.
260 _aBogotá :
_bUniversidad Externado de Colombia. Decanatura Cultural,
_c2010.
300 _a73 p. ;
_c15 cm.
490 0 _aEl malpensante
490 0 _aUn libro por centavos ;
_v65
650 1 4 _aPoesía colombiana.
_9163
650 1 4 _aViajes
_v Poesías.
_91582
650 4 _aCometas
_v Poesías.
_94711
650 4 _aMiedo
_v Poesías.
_94712
942 _2ddc
_cBK
999 _c9669
_d9669